[Event "Posadas Misionera op"]
[Site "Posadas"]
[Date "2022.08.15"]
[Round "5"]
[White "Soto, Brian"]
[Black "Portillo Arriola, Andrea Magali"]
[Result "1-0"]
[WhiteElo "1679"]
[BlackElo "1382"]
[PlyCount "34"]
[EventDate "2022.08.13"]
[EventType "swiss"]
[EventRounds "6"]
[EventCountry "ARG"]
[SourceTitle "EXT 2023"]
[Source "ChessBase"]
[SourceDate "2022.10.05"]
[SourceVersion "1"]
[SourceVersionDate "2022.10.05"]
[SourceQuality "1"]

1. d4 f5 2. Nc3 e6 3. e4 fxe4 4. Nxe4 g6 5. h4 Bg7 6. h5 d5 7. Bg5 Nf6 8. h6 dxe4 9. hxg7 Rg8 10. Rxh7 Kf7 11. f3 Qd5 12. Bxf6 Kxf6 13. Rh4 e3 14. Qd3 Nc6 15. Qxe3 Rxg7 16. Ne2 e5 17. Nc3 Qe6 1-0